Sabrina Carpenter - Paroles Busy Woman - Statistiques

Statistiques générales
  • Ce quiz a été pris 72 fois
  • Le résultat moyen est 264 sur 324
Statistiques - réponses
Hint Réponse % Correct
a
98%
(Ah
98%
ah
98%
ah)
98%
I
98%
busy
97%
Bridge Busy
97%
woman
97%
woman,
97%
Couplet 1 I'm
95%
my
95%
My
95%
Intro | Post-refrain Oh,
95%
(Oh)
95%
(Oh,
95%
ooh
95%
(Ooh
95%
ooh)
95%
you
95%
you,
95%
your
92%
love
90%
me
90%
me,
90%
the
90%
Refrain But
89%
if
89%
(if
89%
If
89%
of
89%
and
87%
And
87%
are
87%
don't
87%
gay
87%
just
87%
need
87%
need)
87%
any
85%
To
85%
to
85%
when
85%
ass
84%
bitch
84%
little
84%
anyway
82%
clothes
82%
off,
82%
so
82%
Couplet 2 So
82%
want
82%
day
81%
didn't
81%
place
81%
Yeah,
79%
coming
77%
mature,
77%
over
77%
all
76%
I'll
76%
time
76%
be
74%
for
74%
night
74%
one
74%
that
74%
us
74%
'Til
73%
you're
73%
deem
71%
dies
71%
perfect
71%
baby,
68%
calendar
68%
kisses,
68%
sensible
68%
come
66%
hey
66%
hey)
66%
into
66%
like
66%
rest
66%
well,
66%
Well,
66%
let
65%
life
65%
missus
65%
rejection
65%
tell
65%
lipstick
63%
with
63%
Except
61%
much
61%
namaste
61%
reapply
61%
what
61%
collected,
60%
could
60%
turn
60%
down,
58%
flexible,
56%
know
56%
scared
56%
super
56%
tight
56%
yoga,
56%
accommodate
55%
get
55%
shave
55%
that's
55%
unless
55%
Maybe
53%
someone
53%
hit
52%
call
48%
openings
48%
though,
48%
wouldn't
48%
Tantric
47%
unethical
47%
'Cause
44%
at
31%
Right,
2%
Aucun quiz correspondant
Distribution des résultats
% des personnes avec chaque résultat
Percentile par nombre de réponses
Votre historique - résultats
Vous n’avez pas pris ce quiz